000
00520nam a2200133Ia 4500
008
100328s9999 xx 000 0 und d
082
_b
54190
100
_a
घारे र.अ.
245
_a
नित्योपयोगी वस्तुंची दुरुस्ती
260
_b
उदयम
630
_a
नित्योपयोगी वस्तुंची दुरुस्ती
730
_a
नित्योपयोगी वस्तुंची दुरुस्ती
942
_c
BOOK
999
_c
540910
_d
540907